<?xml version="1.0" encoding="UTF-8"?>
<record
    xmlns:xsi="http://www.w3.org/2001/XMLSchema-instance"
    xsi:schemaLocation="http://www.loc.gov/MARC21/slim http://www.loc.gov/standards/marcxml/schema/MARC21slim.xsd"
    xmlns="http://www.loc.gov/MARC21/slim">

  <leader>01918nam a22004097a 4500</leader>
  <datafield tag="999" ind1=" " ind2=" ">
    <subfield code="c">23489</subfield>
    <subfield code="d">23489</subfield>
  </datafield>
  <controlfield tag="003">AR-CdUCM</controlfield>
  <controlfield tag="008">260123b2024    pe ||||| |||| 00| 0 spa d</controlfield>
  <datafield tag="040" ind1=" " ind2=" ">
    <subfield code="a">MUNICIPALIDAD PROVINCIAL DEL CUSCO</subfield>
    <subfield code="c">BIBLIOTECA MUNICIPAL DEL CUSCO</subfield>
  </datafield>
  <datafield tag="082" ind1=" " ind2=" ">
    <subfield code="a">985.612 /</subfield>
    <subfield code="b">J81</subfield>
  </datafield>
  <datafield tag="100" ind1=" " ind2=" ">
    <subfield code="a">Juarez Quispe, Mar&#xED;a Ines</subfield>
  </datafield>
  <datafield tag="245" ind1=" " ind2=" ">
    <subfield code="a">Qorikancha &#xD1;ustapakana :</subfield>
    <subfield code="b">Camino Ritual Inka /</subfield>
  </datafield>
  <datafield tag="260" ind1=" " ind2=" ">
    <subfield code="a">Cusco :</subfield>
    <subfield code="b">Direcci&#xF3;n Desconcentrada de Cultura de Cusco,</subfield>
    <subfield code="c">2024</subfield>
  </datafield>
  <datafield tag="300" ind1=" " ind2=" ">
    <subfield code="a">201 p&#xE1;ginas. :</subfield>
    <subfield code="b">ilustraciones ;</subfield>
    <subfield code="c">18 x 24 cm.</subfield>
  </datafield>
  <datafield tag="500" ind1=" " ind2=" ">
    <subfield code="z">p&#xE1;ginas 196 - 2001</subfield>
  </datafield>
  <datafield tag="505" ind1=" " ind2=" ">
    <subfield code="a">Contenido: Aspectos Generales --  Sistema ecol&#xF3;gico -- Componentes del ecosistema -- Rese&#xF1;a hist&#xF3;rica -- Qorikancha -&#xD1;ustapakana -- La gran red vial Inka -- El Qhapaq &#xD1;an como Patrimonio Mundial de la Humanidad -- Puesta en valor -- Investigaci&#xF3;n  arqueol&#xF3;gica del camino ritual  Inka -- Resultados de los trabajos de investigaci&#xF3;n arqueol&#xF3;gica -- Metodolog&#xED;a aplicada -- Entorno natural -- Biodiversidad asociada al camino -- Gesti&#xF3;n social....</subfield>
  </datafield>
  <datafield tag="650" ind1=" " ind2=" ">
    <subfield code="a">Ubicaci&#xF3;n</subfield>
    <subfield code="9">49438</subfield>
  </datafield>
  <datafield tag="650" ind1=" " ind2=" ">
    <subfield code="a">Procesos ecol&#xF3;gicos</subfield>
    <subfield code="9">52160</subfield>
  </datafield>
  <datafield tag="650" ind1=" " ind2=" ">
    <subfield code="a">Importancia del camino </subfield>
    <subfield code="9">52161</subfield>
  </datafield>
  <datafield tag="650" ind1=" " ind2=" ">
    <subfield code="a">Conservaci&#xF3;n y restauraci&#xF3;n </subfield>
    <subfield code="9">13242</subfield>
  </datafield>
  <datafield tag="650" ind1=" " ind2=" ">
    <subfield code="a">Diagn&#xF3;stico </subfield>
    <subfield code="9">22238</subfield>
  </datafield>
  <datafield tag="650" ind1=" " ind2=" ">
    <subfield code="a">Restauraci&#xF3;n</subfield>
    <subfield code="9">6144</subfield>
  </datafield>
  <datafield tag="650" ind1=" " ind2=" ">
    <subfield code="a">Factores de deterioro</subfield>
    <subfield code="9">52162</subfield>
  </datafield>
  <datafield tag="650" ind1=" " ind2=" ">
    <subfield code="a">Emobot&#xE1;nica</subfield>
    <subfield code="9">52163</subfield>
  </datafield>
  <datafield tag="650" ind1=" " ind2=" ">
    <subfield code="a">Emozoolog&#xED;a </subfield>
    <subfield code="9">52164</subfield>
  </datafield>
  <datafield tag="650" ind1=" " ind2=" ">
    <subfield code="a">Importancia de la ecolog&#xED;a</subfield>
    <subfield code="9">52165</subfield>
  </datafield>
  <datafield tag="700" ind1=" " ind2=" ">
    <subfield code="a">Apaza Quispe, Emeterio</subfield>
    <subfield code="9">52188</subfield>
  </datafield>
  <datafield tag="700" ind1=" " ind2=" ">
    <subfield code="a">Cusihuallpa Chac&#xF3;n, Ayerin Anais</subfield>
    <subfield code="9">52189</subfield>
  </datafield>
  <datafield tag="700" ind1=" " ind2=" ">
    <subfield code="a">Curo Surco, Miguel Angel</subfield>
    <subfield code="9">52190</subfield>
  </datafield>
  <datafield tag="700" ind1=" " ind2=" ">
    <subfield code="a">Manotupa G&#xF3;mez, Milena</subfield>
    <subfield code="9">52191</subfield>
  </datafield>
  <datafield tag="700" ind1=" " ind2=" ">
    <subfield code="a">Ccopa Huayta, Hugo Brito</subfield>
    <subfield code="9">52192</subfield>
  </datafield>
  <datafield tag="700" ind1=" " ind2=" ">
    <subfield code="a"> Ortiz de Orue Flores, Gabriela Gandyth</subfield>
    <subfield code="9">52193</subfield>
  </datafield>
  <datafield tag="700" ind1=" " ind2=" ">
    <subfield code="a">Vel&#xE1;squez Bernal, Reenzo</subfield>
    <subfield code="9">52194</subfield>
  </datafield>
  <datafield tag="700" ind1=" " ind2=" ">
    <subfield code="a">Infantas Calder&#xF3;n, Carolina</subfield>
    <subfield code="9">52195</subfield>
  </datafield>
  <datafield tag="942" ind1=" " ind2=" ">
    <subfield code="2">ddc</subfield>
    <subfield code="c">LIBROS</subfield>
  </datafield>
  <datafield tag="945" ind1=" " ind2=" ">
    <subfield code="a">jmcs</subfield>
    <subfield code="d">23/01/2026</subfield>
  </datafield>
  <datafield tag="952" ind1=" " ind2=" ">
    <subfield code="0">0</subfield>
    <subfield code="2">ddc</subfield>
    <subfield code="4">0</subfield>
    <subfield code="7">0</subfield>
    <subfield code="a">SH</subfield>
    <subfield code="b">SH</subfield>
    <subfield code="c">CART</subfield>
    <subfield code="d">2026-01-23</subfield>
    <subfield code="e">Donaci&#xF3;n</subfield>
    <subfield code="g">30.00</subfield>
    <subfield code="o">985.612 / J81</subfield>
    <subfield code="p">SH0000017049</subfield>
    <subfield code="r">2026-01-23</subfield>
    <subfield code="y">LIBROS</subfield>
  </datafield>
</record>
